Depth and physical properties of soil in a forest and a rubber plantation in Peninsular Malaysia (Record no. 56815)

MARC details
000 -LEADER
fixed length control field 02139nam a2200217Ia 4500
100 ## - MAIN ENTRY--AUTHOR NAME
Personal name Noguchi S
245 #0 - TITLE STATEMENT
Title Depth and physical properties of soil in a forest and a rubber plantation in Peninsular Malaysia
260 ## - PUBLICATION, DISTRIBUTION, ETC. (IMPRINT)
Name of publisher Journal of Tropical Forest Science
Year of publication 2003
300 ## - PHYSICAL DESCRIPTION
Number of Pages 513-530
520 ## - SUMMARY, ETC.
Summary, etc Soil depth and soil physical properties were investigated in a tropical rain forest and a rubber plantation in Peninsular Malaysia. For the forested site, thickness of surface soil layer (A and B horizons) and total soil depth ranged from 52 to 160 cm and from 118 to 640 cm respectively. The corresponding values for riser bank in the rubber plantation ranged from 42 to 121 cm and from 106 to 162 cm respectively. Total soil depth at the terrace bench in the rubber plantation was shallower (mean: 119 cm) than at the riser bank. The saturated hydraulic conductivity (Ks) in the forested site and plantation site ranged from 6.40 x 10-6 to 7.51 x 10 -4 m s -1 and from 1.79 x 10 -6 to 5.68 x 10 -4 m s -1 respectively. The Ks values in the forested site were larger (10 cm: 1466 mm h -1, 80 cm: 169 mm h -1) than the prevailing rainfall intensity in this region. Although the average Ks values at the riser bank in the rubber plantation were similar to those in the forested site, the average Ks values at the terrace bench in the rubber plantation were smaller (10 cm : 68 mm h -1, 40 cm: 29 mm h -1). The macro- and mesoporosity of the soil also decreased with increasing soil depth. The soil porosities were in the following order of magnitude: forest > riser bank > terrace bench. These hydrological parameters (soil depth, Ks value and porosity) between the forested and rubber plantation sites enable us to understand the difference of function for water conservation concerning land-use classification.
650 ## - SUBJECT ADDED ENTRY--TOPICAL TERM
Topical Term Saturated hydraulic conductivity
650 ## - SUBJECT ADDED ENTRY--TOPICAL TERM
Topical Term Soil depth
650 ## - SUBJECT ADDED ENTRY--TOPICAL TERM
Topical Term Soil water retention
650 ## - SUBJECT ADDED ENTRY--TOPICAL TERM
Topical Term Water conservation
700 ## - ADDED ENTRY--PERSONAL NAME
Personal name Baharuddin Kasran
700 ## - ADDED ENTRY--PERSONAL NAME
Personal name Tani M
700 ## - ADDED ENTRY--PERSONAL NAME
Personal name Tsuboyama Y
700 ## - ADDED ENTRY--PERSONAL NAME
Personal name Zulkifli Yusop
942 ## - ADDED ENTRY ELEMENTS (KOHA)
Koha item type Journals
Holdings
Withdrawn status Lost status Damaged status Not for loan Home library Current library Shelving location Date acquired Serial Enumeration / chronology Koha item type
      Journals RRII Library RRII Library Soils and agonomy 17/12/2021 Volume 15, Issue 4 Journals